<?xml version="1.0" encoding="UTF-8"?>
<record
    xmlns:xsi="http://www.w3.org/2001/XMLSchema-instance"
    xsi:schemaLocation="http://www.loc.gov/MARC21/slim http://www.loc.gov/standards/marcxml/schema/MARC21slim.xsd"
    xmlns="http://www.loc.gov/MARC21/slim">

  <leader>00546    a2200193   4500</leader>
  <datafield tag="999" ind1=" " ind2=" ">
    <subfield code="c">6733</subfield>
    <subfield code="d">6733</subfield>
  </datafield>
  <controlfield tag="003">GBCCL</controlfield>
  <controlfield tag="005">20241126110610.0</controlfield>
  <controlfield tag="008">180709b           ||||| |||| 00| 0 eng d</controlfield>
  <datafield tag="020" ind1=" " ind2=" ">
    <subfield code="a">9789385194870</subfield>
  </datafield>
  <datafield tag="040" ind1=" " ind2=" ">
    <subfield code="c">gbc</subfield>
  </datafield>
  <datafield tag="082" ind1=" " ind2=" ">
    <subfield code="a">262.1</subfield>
    <subfield code="b">NGA</subfield>
  </datafield>
  <datafield tag="100" ind1=" " ind2=" ">
    <subfield code="a">Ngaihte, Ginneithang</subfield>
    <subfield code="9">12532</subfield>
  </datafield>
  <datafield tag="245" ind1=" " ind2=" ">
    <subfield code="a">Servant leadership, the master's design :</subfield>
    <subfield code="b">an Asian perspective/</subfield>
    <subfield code="c">Ginneithang Ngaihte</subfield>
  </datafield>
  <datafield tag="260" ind1=" " ind2=" ">
    <subfield code="a">Hyderabad:</subfield>
    <subfield code="b">GS Books,</subfield>
    <subfield code="c">2017</subfield>
  </datafield>
  <datafield tag="300" ind1=" " ind2=" ">
    <subfield code="a">296p.</subfield>
  </datafield>
  <datafield tag="650" ind1=" " ind2=" ">
    <subfield code="a">Leadership</subfield>
    <subfield code="9">3087</subfield>
  </datafield>
  <datafield tag="650" ind1=" " ind2=" ">
    <subfield code="a">Christian leadership</subfield>
    <subfield code="9">1568</subfield>
  </datafield>
  <datafield tag="942" ind1=" " ind2=" ">
    <subfield code="2">ddc</subfield>
    <subfield code="c">BK</subfield>
    <subfield code="0">47</subfield>
  </datafield>
  <datafield tag="952" ind1=" " ind2=" ">
    <subfield code="0">0</subfield>
    <subfield code="1">0</subfield>
    <subfield code="2">ddc</subfield>
    <subfield code="4">0</subfield>
    <subfield code="7">0</subfield>
    <subfield code="a">GBC</subfield>
    <subfield code="b">GBC</subfield>
    <subfield code="c">MNMS</subfield>
    <subfield code="d">2018-06-06</subfield>
    <subfield code="e">8</subfield>
    <subfield code="g">180.00</subfield>
    <subfield code="l">10</subfield>
    <subfield code="m">1</subfield>
    <subfield code="o">262.1 NGA</subfield>
    <subfield code="p">014706</subfield>
    <subfield code="r">2026-03-23 11:31:51</subfield>
    <subfield code="s">2026-03-20</subfield>
    <subfield code="t">c.1</subfield>
    <subfield code="v">180.00</subfield>
    <subfield code="w">2018-06-06</subfield>
    <subfield code="y">BK</subfield>
  </datafield>
  <datafield tag="952" ind1=" " ind2=" ">
    <subfield code="0">0</subfield>
    <subfield code="1">0</subfield>
    <subfield code="2">ddc</subfield>
    <subfield code="4">0</subfield>
    <subfield code="7">0</subfield>
    <subfield code="a">GBC</subfield>
    <subfield code="b">GBC</subfield>
    <subfield code="c">MNMS</subfield>
    <subfield code="d">2018-06-06</subfield>
    <subfield code="e">8</subfield>
    <subfield code="g">180.00</subfield>
    <subfield code="l">6</subfield>
    <subfield code="m">1</subfield>
    <subfield code="o">262.1 NGA</subfield>
    <subfield code="p">014707</subfield>
    <subfield code="r">2025-12-01 10:39:04</subfield>
    <subfield code="s">2025-11-24</subfield>
    <subfield code="t">c.2</subfield>
    <subfield code="v">180.00</subfield>
    <subfield code="w">2018-06-06</subfield>
    <subfield code="y">BK</subfield>
  </datafield>
  <datafield tag="952" ind1=" " ind2=" ">
    <subfield code="0">0</subfield>
    <subfield code="1">0</subfield>
    <subfield code="2">ddc</subfield>
    <subfield code="4">0</subfield>
    <subfield code="7">0</subfield>
    <subfield code="a">GBC</subfield>
    <subfield code="b">GBC</subfield>
    <subfield code="c">MNMS</subfield>
    <subfield code="d">2018-06-06</subfield>
    <subfield code="e">8</subfield>
    <subfield code="g">180.00</subfield>
    <subfield code="l">9</subfield>
    <subfield code="o">262.1 NGA</subfield>
    <subfield code="p">014708</subfield>
    <subfield code="r">2025-11-18 15:00:01</subfield>
    <subfield code="s">2025-11-13</subfield>
    <subfield code="t">c.3</subfield>
    <subfield code="v">180.00</subfield>
    <subfield code="w">2018-06-06</subfield>
    <subfield code="y">BK</subfield>
  </datafield>
  <datafield tag="952" ind1=" " ind2=" ">
    <subfield code="0">0</subfield>
    <subfield code="1">0</subfield>
    <subfield code="2">ddc</subfield>
    <subfield code="4">0</subfield>
    <subfield code="7">0</subfield>
    <subfield code="a">GBC</subfield>
    <subfield code="b">GBC</subfield>
    <subfield code="c">MNMS</subfield>
    <subfield code="d">2018-06-06</subfield>
    <subfield code="e">8</subfield>
    <subfield code="g">180.00</subfield>
    <subfield code="l">7</subfield>
    <subfield code="o">262.1 NGA</subfield>
    <subfield code="p">014709</subfield>
    <subfield code="r">2025-11-28 14:11:30</subfield>
    <subfield code="s">2025-11-25</subfield>
    <subfield code="t">c.4</subfield>
    <subfield code="v">180.00</subfield>
    <subfield code="w">2018-06-06</subfield>
    <subfield code="y">BK</subfield>
  </datafield>
  <datafield tag="952" ind1=" " ind2=" ">
    <subfield code="0">0</subfield>
    <subfield code="1">0</subfield>
    <subfield code="2">ddc</subfield>
    <subfield code="4">0</subfield>
    <subfield code="7">0</subfield>
    <subfield code="a">GBC</subfield>
    <subfield code="b">GBC</subfield>
    <subfield code="c">MNMS</subfield>
    <subfield code="d">2018-06-06</subfield>
    <subfield code="e">8</subfield>
    <subfield code="g">180.00</subfield>
    <subfield code="l">7</subfield>
    <subfield code="m">1</subfield>
    <subfield code="o">262.1 NGA</subfield>
    <subfield code="p">014710</subfield>
    <subfield code="r">2025-12-01 13:40:25</subfield>
    <subfield code="s">2025-11-24</subfield>
    <subfield code="t">c.5</subfield>
    <subfield code="v">180.00</subfield>
    <subfield code="w">2018-06-06</subfield>
    <subfield code="y">BK</subfield>
  </datafield>
  <datafield tag="952" ind1=" " ind2=" ">
    <subfield code="0">0</subfield>
    <subfield code="1">0</subfield>
    <subfield code="2">ddc</subfield>
    <subfield code="4">0</subfield>
    <subfield code="7">0</subfield>
    <subfield code="a">GBC</subfield>
    <subfield code="b">GBC</subfield>
    <subfield code="c">MNMS</subfield>
    <subfield code="d">2018-07-24</subfield>
    <subfield code="l">6</subfield>
    <subfield code="o">262.1 NGA</subfield>
    <subfield code="p">020008</subfield>
    <subfield code="r">2025-05-01 00:00:00</subfield>
    <subfield code="s">2023-11-30</subfield>
    <subfield code="t">c.6</subfield>
    <subfield code="w">2018-07-24</subfield>
    <subfield code="y">BK</subfield>
  </datafield>
  <datafield tag="952" ind1=" " ind2=" ">
    <subfield code="0">0</subfield>
    <subfield code="1">0</subfield>
    <subfield code="2">ddc</subfield>
    <subfield code="4">0</subfield>
    <subfield code="7">0</subfield>
    <subfield code="a">GBC</subfield>
    <subfield code="b">GBC</subfield>
    <subfield code="c">MNMS</subfield>
    <subfield code="d">2018-09-20</subfield>
    <subfield code="l">8</subfield>
    <subfield code="o">262.1 NGA</subfield>
    <subfield code="p">014833</subfield>
    <subfield code="r">2025-11-20 14:54:24</subfield>
    <subfield code="s">2025-11-13</subfield>
    <subfield code="t">c.7</subfield>
    <subfield code="w">2018-09-20</subfield>
    <subfield code="y">BK</subfield>
  </datafield>
  <datafield tag="952" ind1=" " ind2=" ">
    <subfield code="0">0</subfield>
    <subfield code="1">0</subfield>
    <subfield code="2">ddc</subfield>
    <subfield code="4">0</subfield>
    <subfield code="7">0</subfield>
    <subfield code="a">GBC</subfield>
    <subfield code="b">GBC</subfield>
    <subfield code="c">MNMS</subfield>
    <subfield code="d">2018-09-20</subfield>
    <subfield code="l">3</subfield>
    <subfield code="o">262.1 NGA</subfield>
    <subfield code="p">014834</subfield>
    <subfield code="r">2025-12-01 10:39:00</subfield>
    <subfield code="s">2023-11-23</subfield>
    <subfield code="t">c.8</subfield>
    <subfield code="w">2018-09-20</subfield>
    <subfield code="y">BK</subfield>
  </datafield>
  <datafield tag="952" ind1=" " ind2=" ">
    <subfield code="0">0</subfield>
    <subfield code="1">0</subfield>
    <subfield code="2">ddc</subfield>
    <subfield code="4">0</subfield>
    <subfield code="7">0</subfield>
    <subfield code="a">GBC</subfield>
    <subfield code="b">GBC</subfield>
    <subfield code="c">MNMS</subfield>
    <subfield code="d">2023-01-16</subfield>
    <subfield code="l">4</subfield>
    <subfield code="m">1</subfield>
    <subfield code="o">262.1 NGA</subfield>
    <subfield code="p">020340</subfield>
    <subfield code="r">2025-11-25 13:14:15</subfield>
    <subfield code="s">2025-11-18</subfield>
    <subfield code="t">c.9</subfield>
    <subfield code="w">2023-01-16</subfield>
    <subfield code="y">BK</subfield>
  </datafield>
</record>
